000
00286nam a22001337a 4500
008
181017b xxu||||| |||| 00| 0 eng d
020
_a
9780582301634
041
_a
eng
080
_a
574
100
_a
9
101
_a
MJE
245
_a
Agricultural Ecology
_c
Joy.T
942
_2
udc
_c
BK
999
_c
50073
_d
50073